000 01097nam0a22002891 4500
001 rc\2378196
005 20110829184318.3
035 _a(NLR Aleph) 006660803
090 _a4892330
_c4892330
100 _a20110829d1978 |||y0rusy50 ca
101 0 _arus
102 _aRU
105 _ay z |||||
200 1 _aВыращивание ремонтных телок в специализированных хозяйствах Белоруссии
210 _aМинск
_cУраджай
_d1978
215 _a12 с.
_d17
300 _aАвт. указаны на обороте тит. л.
300 _aВ надзаг.: ВДНХ СССР. М-во сел. хоз-ва БССР, Белорус. респ. правл. НТО сел. хоз-ва
700 1 _aРаковец
_bЕ. В.
_gЕвгений Васильевич
701 1 _aСморгонский
_bМ. А.
712 0 1 _aБССР
_bМ-во сельского хозяйства
801 0 _aRU
_bNLR
_gpsbo
801 1 _aRU
_bELAR
_2rusmarc
852 _aNLR
_j78-2/4126
899 _aRuMoRGB
_jM 78-10/506
942 _cBOOK
980 _aNB